Normal view
MARC view
- Muhammad Sheharyar
Entry Personal Name
001 - CONTROL NUMBER
- control field: 15747
003 - CONTROL NUMBER IDENTIFIER
- control field: NUST
005 - DATE AND TIME OF LATEST TRANSACTION
- control field: 20190627075958.0
008 - FIXED-LENGTH DATA ELEMENTS
- fixed length control field: 190627|| aca||aabn | a|a d
040 ## - CATALOGING SOURCE
- Original cataloging agency: NUST
- Transcribing agency: NUST
100 ## - HEADING--PERSONAL NAME
- Personal name: Muhammad Sheharyar
670 ## - SOURCE DATA FOUND
- Source citation: Work cat.: (NUST): Muhammad Sheharyar, SIMULATION OF A STANDARD STORE SEPARATION FORM A GENERIC WING /, 2017.
